[Event "Hessen-ch U12"]
[Site "Bad Homburg"]
[Date "2013.??.??"]
[Round "5"]
[White "Hollmann, Leon"]
[Black "Schmidt, Lea"]
[Result "1-0"]
[WhiteElo "1577"]
[BlackElo "882"]
[PlyCount "143"]
[EventDate "2013.03.??"]
[EventType "swiss"]
[EventRounds "9"]
[EventCountry "GER"]
[SourceTitle "EXT 2014"]
[Source "ChessBase"]
[SourceDate "2013.11.20"]
[SourceVersion "1"]
[SourceVersionDate "2013.11.20"]
[SourceQuality "1"]

1. e4 e5 2. Bc4 Nf6 3. d3 Bc5 4. Nf3 Nc6 5. c3 d6 6. Nbd2 Bg4 7. h3 Bh5 8. 0-0 0-0 9. Re1 h6 10. Nf1 d5 11. exd5 Nxd5 12. Ng3 Bg6 13. Nxe5 Qf6 14. Nf3 Nb6 15. Bb3 Rae8 16. d4 Bd6 17. Be3 Bxg3 18. fxg3 Qd6 19. Bf4 Qd7 20. Ne5 Nxe5 21. Bxe5 c6 22. Qf3 Rd8 23. Rad1 Nd5 24. Bxd5 Qxd5 25. Qxd5 cxd5 26. Rc1 b5 27. b3 f6 28. Bc7 Rc8 29. Bd6 Rfe8 30. Rxe8+ Rxe8 31. Bc5 Re2 32. a3 Be4 33. Kf1 Rxg2 34. c4 Rxg3 35. cxb5 Rxb3 36. Bxa7 Bd3+ 37. Kf2 Bxb5 38. Rc8+ Kh7 39. Bc5 Rxh3 40. Rc7 h5 41. Bf8 Kg6 42. Rxg7+ Kf5 43. Rb7 Bc4 44. a4 h4 45. Rb6 Rg3 46. a5 Rg8 47. Be7 Rg6 48. a6 Bxa6 49. Rxa6 h3 50. Ra1 Ke4 51. Bc5 h2 52. Rh1 Rh6 53. Kg2 f5 54. Rxh2 Rxh2+ 55. Kxh2 f4 56. Kg2 f3+ 57. Kf2 Kf4 58. Bd6+ Ke4 59. Be5 Kf5 60. Kxf3 Ke6 61. Kf4 Kd7 62. Kf5 Ke7 63. Bf6+ Kd6 64. Bh8 Kd7 65. Ke5 Kc6 66. Ke6 Kc7 67. Kxd5 Kd7 68. Bf6 Kc7 69. Ke6 Kc6 70. d5+ Kc7 71. d6+ Kc6 72. d7 1-0

[Event "Bayern-ch (Women) 75th"]
[Site "Ingolstadt"]
[Date "2004.09.07"]
[Round "5"]
[White "Schmidt, Lea"]
[Black "Hartlaub, Marianne"]
[Result "0-1"]
[WhiteElo "1076"]
[BlackElo "1567"]
[PlyCount "80"]
[EventDate "2004.09.04"]
[EventType "swiss"]
[EventRounds "9"]
[EventCountry "GER"]
[SourceTitle "EXT 2015"]
[Source "ChessBase"]
[SourceDate "2014.11.20"]
[SourceVersion "1"]
[SourceVersionDate "2014.11.20"]
[SourceQuality "1"]

1. e4 d6 2. d4 Nf6 3. Nc3 c6 4. Bg5 Qa5 5. Bxf6 exf6 6. Bd3 Be7 7. Nge2 0-0 8. 0-0 f5 9. f3 a6 10. Qc1 fxe4 11. fxe4 Bg5 12. Qe1 Qd8 13. Ng3 b5 14. e5 dxe5 15. Qe4 Qxd4+ 16. Kh1 Qxe4 17. Ncxe4 Be7 18. Rf2 Be6 19. a3 c5 20. Raf1 c4 21. Be2 Nc6 22. c3 Rad8 23. Nh5 Kh8 24. Nhg3 Na5 25. Nf5 Bxf5 26. Rxf5 f6 27. Rd1 Rxd1+ 28. Bxd1 g6 29. Rf1 f5 30. Nd2 Rd8 31. Nf3 Bf6 32. h3 Nb7 33. a4 Nc5 34. Re1 Nd3 35. Re2 Nxb2 36. Rxb2 Rxd1+ 37. Ng1 e4 38. axb5 axb5 39. Rxb5 Bxc3 40. Rb2 Bxb2 0-1

[Event "Bayern-ch (Women) 75th"]
[Site "Ingolstadt"]
[Date "2004.09.06"]
[Round "4"]
[White "Heyne, Regina"]
[Black "Schmidt, Lea"]
[Result "1-0"]
[WhiteElo "1578"]
[BlackElo "1076"]
[PlyCount "77"]
[EventDate "2004.09.04"]
[EventType "swiss"]
[EventRounds "9"]
[EventCountry "GER"]
[SourceTitle "EXT 2015"]
[Source "ChessBase"]
[SourceDate "2014.11.20"]
[SourceVersion "1"]
[SourceVersionDate "2014.11.20"]
[SourceQuality "1"]

1. d4 d5 2. c4 Bf5 3. Qb3 Nc6 4. Nf3 e6 5. e3 b6 6. Qb5 Nge7 7. Ne5 a6 8. Nxc6 axb5 9. Nxd8 Rxd8 10. cxb5 Ng6 11. b3 Bd6 12. Be2 e5 13. Bb2 Bb4+ 14. Bc3 Bxc3+ 15. Nxc3 e4 16. Rc1 0-0 17. 0-0 Rfe8 18. Rc2 Re7 19. Rfc1 Be6 20. a4 Ra8 21. Na2 Rc8 22. Nb4 f5 23. Na6 f4 24. h3 Rf7 25. Rxc7 Rfxc7 26. Rxc7 Rf8 27. Bg4 Bxg4 28. hxg4 h6 29. Rd7 Rc8 30. Rc7 Rd8 31. Rc6 Kh7 32. Rxb6 Ne7 33. Rb8 Rd7 34. Nc5 Rd6 35. exf4 Rg6 36. a5 Rxg4 37. a6 Rxf4 38. a7 Ng6 39. a8Q 1-0

[Event "Bayern-ch (Women) 75th"]
[Site "Ingolstadt"]
[Date "2004.09.05"]
[Round "2"]
[White "Schmidt, Lea"]
[Black "Weiss, Monika"]
[Result "0-1"]
[WhiteElo "1076"]
[BlackElo "1510"]
[PlyCount "74"]
[EventDate "2004.09.04"]
[EventType "swiss"]
[EventRounds "9"]
[EventCountry "GER"]
[SourceTitle "EXT 2015"]
[Source "ChessBase"]
[SourceDate "2014.11.20"]
[SourceVersion "1"]
[SourceVersionDate "2014.11.20"]
[SourceQuality "1"]

1. e4 d6 2. Nc3 c5 3. Nf3 Nf6 4. Bc4 Nc6 5. d4 Bg4 6. Be2 Bxf3 7. Bxf3 cxd4 8. Ne2 e5 9. Bg5 Be7 10. 0-0 0-0 11. Bxf6 Bxf6 12. Bg4 d5 13. Ng3 dxe4 14. Nxe4 Be7 15. Qf3 g6 16. Bh3 Qb6 17. b3 f5 18. Ng3 e4 19. Qe2 Ne5 20. Kh1 Rad8 21. f4 d3 22. cxd3 Nxd3 23. Rad1 Bc5 24. Rxd3 Rxd3 25. Qc2 Qb4 26. Ne2 Rfd8 27. g4 Rxh3 28. gxf5 gxf5 29. Ng3 Rd5 30. Qg2 Rh6 31. Nh5+ Rg6 32. Nf6+ Kf7 33. Qh3 Kxf6 34. Qh4+ Kg7 35. Qh3 Qd2 36. a4 Qe2 37. a5 Rd1 0-1